000 00425nam a2200121Ia 4500
008 200928s9999 xx 000 0 und d
020 _a978-971-10-1339-4
245 _cEdited by: Crispin C. Maslog.--
_aPhilippine communication in the digital age /
260 _aQuezon City :
_bNew Day Publishers
_c2014
300 _axx , 403 pages :
_billustrations ;
_c23 cm.
650 _aCommunication and technology
650 _aMass media
999 _c364515
_d364515